000 01290nam a2200193Ia 4500
003 Ost
005 20260507075732.0
008 260507s9999||||xx |||||||||||||| ||und||
040 _cfsecg
041 _aara
082 _a336.2
100 _aالبطريق، يونس أحمد
_eمؤلف
245 0 _aالنظم الضريبية /
_c يونس أحمد البطريق
260 _aالاسكندرية:
_bالدار الجامعية,
_c2000
300 _a405 صفحة؛
520 _aفي هذا الكتاب أهمية دراسة النظم الضريبية ومكوناتها ، تأثير الواقع الاقتصادي والسياسي والاجتماعية في النظم الضريبية ، دور السياسة الضريبية في تحقيق الاهداف الاقتصادية الاجتماعية ، دور السياسة الضريبية في تحقيق الاهداف الاقتصادية والاجتماعية ، نشأة وقانونية الضريبة ، نطاق تطبيق القانون الضريبي ومشاكلة الضريبة على دخل الاشخاص الطبيعيين ، الضريبة على الشركات ، ضرائب الثروة والانفاق ، النظام الضريبي المصري
653 _aالضرائب
942 _cكتاب
999 _c46041
_d46041